| 000 | 00481nam a2200169 i 4500 | ||
|---|---|---|---|
| 001 | 93093 | ||
| 003 | ES-MaACL | ||
| 005 | 20230906181126.0 | ||
| 007 | t| | ||
| 008 | 050407s1907 fr ||||1| fre d | ||
| 100 | 1 |
_aLoisy, Alfred. _973147 |
|
| 245 | 1 | 4 |
_aLes Évangiles synoptiques / _cAlfred Loisy. |
| 260 |
_aParis : _b[s.n.], _c1907 ( _eMacon : _fProtat Frères) |
||
| 300 |
_a2 v. ; _c25 cm. |
||
| 630 | 0 |
_aBiblia. _pN.T. _pEvangelios. _9119301 |
|
| 852 |
_aES-MaACL _jF-9392-93 |
||
| 999 |
_c93093 _d93093 |
||